=LDR 00000nam 2200000 4500 =001 INLIS000000000030667 =005 20210830115915 =035 ##$$a 0010-061300000030667 =008 210830################g##########0#ind## =041 ##$$a Indonesia =082 ##$$a 2X4.3 =090 ##$$a 2X4.3, Sya, t =100 ##$$a Syahatah, Husain Husain =245 1#$$a Tanggung jawab suami dalam rumah tangga : $b Antara kewajiban dan realitas /$c Dr. Husain Husain Syahatah ; Penerjemah Faizal Abdar Bakri =260 ##$$a Jakarta :$b Amzah,$c 2008 =300 ##$$a xx,128 hlm. ; $c 19 x 13 cm. =650 #4$$a Hukum Perkawinan =700 #$$a Faizal Abdar Bakri =850 ##$$a NBPNMAT =020 ##$$a 979-9392-32-2 =084 ##$$a 2X4.3 SYA t =250 ##$$a cet. 2 =520 ##$$a Biografi hlm. 127-128 =990 ##$$a 20900500